000 00301nam a22001337a 4500
008 181006b xxu||||| |||| 00| 0 eng d
020 _a0812211677
041 _aeng
080 _a941
100 _a17
101 _aHIS
245 _aThe Origins of the Federal Republic
_cOnuf, P.S
942 _2udc
_cBK
999 _c48954
_d48954